Normal view
MARC view
Entry Personal Name
001 - CONTROL NUMBER
- control field: 21398
003 - CONTROL NUMBER IDENTIFIER
- control field: OSt
005 - DATE AND TIME OF LATEST TRANSACTION
- control field: 20211202090707.0
008 - FIXED-LENGTH DATA ELEMENTS
- fixed length control field: 211202|| aca||aabn | a|a d
040 ## - CATALOGING SOURCE
- Original cataloging agency: OSt
- Transcribing agency: OSt
100 ## - HEADING--PERSONAL NAME
- Personal name: Tiedt, Pamela L
670 ## - SOURCE DATA FOUND
- Source citation: Work cat.: (OSt)21037: Tiedt, Pamela L., Multicultural teaching :, c1999.